000 00676cam a22002293a 4500
001 19493
003 PGUSA
005 20140828083419.0
008 061007s2006||||xxu|||||s|||||000 | eng d
040 _aPGUSA
_beng
042 _adc
050 4 _aMT
100 1 _aClippinger, D. A.
_q(David Alva),
_d1860-1938
245 1 4 _aThe Head Voice and Other Problems :
_bPractical Talks on Singing
_h[electronic resource] /
_cD. A. Clippinger
260 _bProject Gutenberg,
_c2006
506 _aPublic domain in the USA.
516 _aElectronic text
653 _aSinging
830 0 _aProject Gutenberg
_v19493
856 4 0 _uhttp://www.gutenberg.org/ebooks/19493
942 _cEB
999 _c248748
_d248748